00513nam a22001817a 450000500170000000800410001704000070005804100120006508200210007710000250009824500310012326000400015430000310019436500510022544000130027665000080028965000340029720241212165838.0241212b ||||| |||| 00| 0 eng d cAL aEnglish 223a348.04bEASS aEastern Book Company aSupreme Court Cases: Vol 3 aLucknowbEastern Book Companyc1984 axiii,740 p.bHBc24x16 cm. a1061b₹959.52c₹d1279.36e25%f28-11-2024 aVolume 3 aLaw aMode of Citation (1984) 3 SCC